Sports Quiz

Random Sports or Baseball Quiz
Score 0/26 Timer 08:00
2 Plays Today
Year Player % Correct
2001Barry Bonds
97.5%
2000Barry Bonds
97.5%
2002Barry Bonds
97.4%
2004Barry Bonds
97.4%
2003Barry Bonds
97.4%
1930Babe Ruth
91.4%
1931Babe Ruth
91.4%
1932Babe Ruth
91.3%
1999Mark McGwire
89.3%
1971Hank Aaron
75.2%
1969Hank Aaron
75.2%
1973Hank Aaron
75.2%
1923Cy Williams
60.6%
Year Player % Correct
2006Jim Thome
55.9%
2003Frank Thomas
50.7%
2001Rafael Palmeiro
50.1%
2002Rafael Palmeiro
50.1%
2019Nelson Cruz
39.3%
1946Hank Greenberg
28.9%
1996Andres Galarraga
23.9%
1998Andres Galarraga
23.9%
1997Andres Galarraga
23.9%
2016Nelson Cruz
22.7%
1985Darrell Evans
21.8%
1948Johnny Mize
17.8%
1954Hank Sauer
4.4%

You're not logged in!

Compare scores with friends on all Sporcle quizzes.
OR
Log In

Sporcle TV

Today on Sporcle TV


Watch our educational content, quiz creation guides, and fun videos on Sporcle TV.

Show Comments

Extras

Top Quizzes Today


Score Distribution

Paid Content

Your Account Isn't Verified!

In order to create a playlist on Sporcle, you need to verify the email address you used during registration. Go to your Sporcle Settings to finish the process.

Report this User

Report this user for behavior that violates our Community Guidelines.

Details: